[Event "Morelia/Linares 25th"]
[Site "Morelia/Linares"]
[Date "2008.02.16"]
[Round "2"]
[White "Anand, Viswanathan"]
[Black "Aronian, Levon"]
[Result "0-1"]
[WhiteElo "2799"]
[BlackElo "2739"]
[Annotator "Aronian,L"]
[PlyCount "68"]
[EventDate "2008.02.15"]
[EventType "tourn"]
[EventRounds "14"]
[EventCountry "ESP"]
[EventCategory "21"]
[SourceTitle "CBM 123"]
[Source "ChessBase"]
[SourceDate "2008.04.02"]
[SourceVersion "1"]
[SourceVersionDate "2008.04.02"]
[SourceQuality "1"]

1. e4 {One round earlier, I had lost to Topalov without much of a fight, so in
this game, I was very keen not to repeat the experience. Eine Runde zuvor
hatte ich gegen Topalov ohne großen Kampf verloren, daher war ich in dieser
Partie sehr darauf erpicht, dieses Erlebnis nicht zu wiederholen.} e5 2. Nf3
Nc6 3. Bb5 {Occasionally I play the Berlin, but lately, I have no reason at
all to depart from my favourite Marshall. Gelegentlich spiele ich auch die
Berliner Verteidigung, aber in letzter Zeit hatte ich keinerlei Anlass, auf
meinen geliebten Marshall zu verzichten.} a6 4. Ba4 Nf6 5. O-O Be7 6. Re1 b5 7.
Bb3 O-O {One interesting psychological point that I have noticed is that in
this position, most white players hesitate for the first time in the game,
even though they are well-prepared for the Marshall. Ein interessanter
psychologischer Aspekt, den ich bemerkt habe, ist, dass in dieser Stellung die
meisten Weißspieler zum ersten Mal in der Partie zögern, obwohl sie auf den
Marshall gut vorbereitet sind.} 8. c3 {The moves 8.d4, 8.d3, 8.h3, 8.a3 and 8.
a4 are all played regularly as well. White players are always coming up with
small subtleties on these various lines, so as to give their opponents
something to worry about. Die Züge 8.d4, 8.d3, 8.h3, 8.a3 und 8.a4 kommen
ebenfalls regelmäßig zur Anwendung. Die Weißspieler warten immer mit kleinen
Feinheiten in diesen verschiedenen Abspielen auf, um ihren Gegnern ein wenig
Anlass zur Sorge zu geben.} d5 9. exd5 Nxd5 10. Nxe5 Nxe5 11. Rxe5 c6 12. Re1
Bd6 13. g3 {Quite a rare choice by White. Eine recht seltene Fortsetzung von
Weiß.} Re8 {Previously 13...Bf5 has been played, not without success, but
after seeing that 13...Re8 leads to interesting play, I decided to try it.
Zuvor wurde 13...Bf5 gespielt, nicht ohne Erfolg, aber nachdem ich gesehen
hatte, dass 13...Re8 zu interessantem Spiel führt, beschloss ich, es zu
versuchen.} ({It would also be interesting to try the mischievous Interessant
wäre es auch, das verschmitzte} 13... h5 14. Qxh5 Re8 {zu versuchen.}) 14. d4 (
{After Nach} 14. Rxe8+ Qxe8 15. d4 Ra7 16. Nd2 Re7 17. Nf3 f6 {Black solved
his problems successfully in the game Almasi - Yakovenko. konnte Schwarz in
der Partie Almasi - Yakovenko seine Probleme erfolgreich lösen.}) ({The
attempt Der Versuch} 14. d3 {is not so strong since after ist nicht so stark,
denn nach} Bf5 {it is not easy for White to evelop his pieces harmonously.
fällt es Weiß nicht leicht, seine Figuren harmonisch zu entwickeln.}) 14...
Rxe1+ {Slightly more accurate was 14...Ra7. Einen Tick genauer war 14...Ra7.}
15. Qxe1 Ra7 16. Be3 {In my preparations, I did not consider this interesting
move. Diesen interessanten Zug hatte ich in meiner Vorbereitung nicht
berücksichtigt.} ({A serious alternative was Eine ernste Alternative bildete} 
16. Nd2 Re7 17. Qf1 {after which Black should play very acurately, to obtain
compensation. wonach Schwarz sehr genau spielen muss, um Kompensation zu
erhalten.}) 16... Re7 17. Nd2 Qe8 18. Nf1 {Of course, White could take the
knight on d5, but this is usually rather drawish. Natürlich könnte Weiß den
Springer auf d5 nehmen, aber dies ist meist sehr remislich.} h5 {I was pleased
with this move, after which it is possible to put the wind up White a little.
Von diesem Zug war ich angetan, denn danach wird es möglich, Weiß ein wenig
Gegenwind spüren zu lassen.} ({It would not be good to try to win the pawn
back with Nicht gut wäre der Versuch, mit} 18... Bh3 {because of den Bauern
zurückzugewinnen, wegen} 19. Qe2 {after which White obtains control of the
white squares. I did not wish to determine the position of the bishop just yet.
wonach Weiß die Kontrolle über die weißen Felder erlangt. Ich wollte die
Position des Läufers einfach noch nicht festlegen.}) 19. a4 {The most natural
move. Am natürlichsten.} ({It was also possible to transfer the queen to a
better post by Möglich war auch die Überführung der Dame auf einen besseren
Posten durch} 19. Qd1 Bg4 20. Qd3 {The possible Darauf gibt} g6 {then gives
Black typical compensation for the pawn. Schwarz typische Kompensation für den
Bauern.}) 19... Be6 {An important resource. Before going to its ideal square
on h3, the bishop tries another role. All of a sudden the bishop on b3 finds
it has an insolent opponent. Eine wichtige Ressource. Bevor der Läufer sein
Idealfeld auf h3 bezieht, versucht er sich in einer anderen Rolle. Plötzlich
stellt der Läufer auf f3 fest, dass er einen frechen Antipoden hat.} 20. Bd1 {
An interesting idea, but it seems too artificial to me. Eine interessante Idee,
scheint mir aber zu künstlich.} ({I expected Ich erwartete} 20. Bc2 Bh3 21. Qe2
g6 {with similar play to the variation 19.Qe2. mit ähnlichem Spiel wie in der
Variante 19.Qe2.}) 20... h4 {20...Bg4 is too academic. Understanding that this
was a rare chance to carry out the typical Marshall attack, I decided to take
my courage in my hands.  20...Bg4 ist zu akademisch. Begreifend, dass dies
eine seltene Chance war, den typischen Marshall-Angriff durchzführen,
beschloss ich, mein Herz in die Hand zu nehmen.} 21. axb5 axb5 22. Bf3 {
The central defender returns to his post... Der Zentralverteidiger kehrt auf
seinen Posten zurück...} Bh3 23. Bxd5 {...so as to exchange itself off! At
first, I was surprised by this move, but after some thought, I started to
understand that Black does not have so many pieces left with which to attack,
whilst with the enemy queen passive on e8, White could very well try to nick a
couple of pawns with his queen, and then return the queen to the defence. ...
um sich selbst abzutauschen! Zunächst war ich von dem Zug überrascht, aber
nach einigem Nachdenken begann ich zu verstehen, dass Schwarz nicht mehr so
viele Figuren zum Angriff bleiben, während Weiß mit der feindlichen Dame
passiv auf e8 durchaus versuchen könnte, mit seiner Dame ein paar Bauern
einzuheimsen und diese dann anschließend zur Verteidigung zurückzuführen.} cxd5
24. Qd1 {There is no sense in inviting f5 by playing 24.Qe2, since Black
intends to play the move anyway. Keinen Sinn hat es, mit 24.Qe2 zu dem Zug ...
f5 einzuladen, da Schwarz dies sowieso beabsichtigt.} f5 {It is interesting
that when it first surveys this mess, the computer likes White. Only after
being given some time to realize the seriousness of the threats against the
white king does it change its mind and pronounce the position as likely to end
in a draw. Interessanterweise gefällt dem Computer, wenn er dieses Chaos zum
ersten Mal durchforstet, zunächst Weiß. Erst wenn man ihm etwas Zeit gibt, die
Ernsthaftigkeit der Drohungen gegen den weißen König zu realisieren, schwenkt
er um und verkündet, dass die Position wahrscheinlich in einem Remis enden
wird.} 25. Bg5 ({Possible is Möglich ist} 25. Qb3 {after which I was intending
to play , wonach ich} Qf7 26. Bg5 Re4 {. After beabsichtigte. Nach} 27. Bxh4
Kh7 28. Qd1 {we reach a position similar to the game, in which it is difficult
to say who benefits from the position of the black king on h7, after erreichen
wir eine Stellung ähnlich der Partie, in der es schwer zu sagen ist, wer von
der Position des schwarzen Königs auf h7 nach} Qg6 29. Bd8 {. profitiert.})
25... Re4 26. Bxh4 Qg6 {I very much wanted to lure the bishop to d8. Ich
wollte den Läufer unbedingt nach d8 locken.} 27. Bd8 f4 {Despite being two
pawns down, I very much liked my position. With such a strong bishop on h3,
there will always be a draw, even if the worst comes to the worst. Trotz der
zwei Minusbauern gefiel mir meine Stellung sehr. Mit so einem starken Läufer
auf h3 hat man Remis immer in der Tasche, selbst wenn es zum Schlimmsten kommt.
} 28. Qd3 {It is hard to know what to suggest for White, since many moves
which at first sight seem OK actually lose. Es fällt schwer, etwas für Weiß
vorzuschlagen, da viele Züge, die auf den ersten Blick in Ordnung erscheinen,
tatsächlich verlieren.} ({For example, the stupid Zum Beispiel das dumme} 28.
Bb6 {because of wegen} Re8 29. Bc5 Bc7 {and the bishop on c5 has turned into a
spectator. , und der Läufer auf c5 hat sich in einen Zuschauer verwandelt.}) ({
I think the best decision would have been Ich glaube, die beste Entscheidung
wäre} 28. Bh4 f3 29. Qxf3 Rxh4 30. Qxd5+ Kh7 31. Ra8 Qe4 (31... Qb1 {leads to
perpetual check. führt zu Dauerschach.}) 32. Qxe4+ Rxe4 33. Ne3 {after which
White can hope to draw, thanks to that pawns he has managed to grab. gewesen,
wonach Weiß hoffen kann zu remisieren, dank der Bauern, die er einheimsen
konnte.}) 28... Qh5 29. Nd2 {This loses. Dies verliert.} ({It was essential to
stay put, eg. Weiß musste auf der Stelle treten, z.B.} 29. Bb6 Bb8 30. Bc5 {
Despite the fact that Black's position is very strong, nothing decisive is
apparent. Now it is all easy. Trotz der Tatsache, dass Schwarz eine sehr
starke Stellung hat, ist nichts Entscheidendes in Sicht. Jetzt ist alles
einfach.}) 29... Re2 30. Nf3 ({No better is Nicht besser ist} 30. Bh4 {because
of wegen} Rxd2 31. Ra8+ Bf8 32. Rxf8+ Kxf8 33. Qxd2 Kg8 {The black queen and
bishop easily finish off the enemy king. Dame und Läufer von Schwarz bringen
den feindlichen König leicht zur Strecke.}) 30... Re3 {This simple
pseudo-sacrifice decides the game. Dieses einfache Pseudo-Opfer entscheidet
die Partie.} 31. fxe3 Qxf3 32. Qc2 fxg3 33. hxg3 Qxg3+ 34. Kh1 Bf5 0-1

[Event "Bangkok op 14th"]
[Site "Bangkok"]
[Date "2014.04.16"]
[Round "6"]
[White "Vallejo Pons, Francisco"]
[Black "Atalik, Suat"]
[Result "1-0"]
[WhiteElo "2693"]
[BlackElo "2562"]
[Annotator "Atalik,S"]
[PlyCount "103"]
[EventDate "2014.04.12"]
[EventType "swiss"]
[EventRounds "9"]
[EventCountry "THA"]
[SourceTitle "CBM 161"]
[Source "ChessBase"]
[SourceDate "2014.07.16"]
[SourceVersion "1"]
[SourceVersionDate "2014.07.16"]
[SourceQuality "1"]

1. e4 e5 2. Nf3 Nc6 3. Bb5 a6 4. Ba4 Nf6 5. O-O Be7 6. Re1 b5 7. Bb3 O-O 8. c3
d5 {I decided to go for the Marshall with which I am always satisfied.} 9. exd5
Nxd5 10. Nxe5 Nxe5 11. Rxe5 c6 12. d3 $5 Bd6 13. Re1 Bf5 {Known as the most
reliable approach.} 14. Qf3 Qf6 15. Bxd5 (15. Nd2 Qg6 16. Bd1 Bxd3 17. Ne4 Bxe4
18. Qxe4 Qxe4 19. Rxe4 Rfe8 20. Rxe8+ Rxe8 21. Kf1 Bf4 22. Bf3 Bxc1 23. Rxc1
Kf8 24. a3 (24. c4 Nb4 $11) 24... Rd8 25. c4 Nb6 26. cxb5 cxb5 $11 {is
Anand-Svidler from the last Candidates tournament which ended as a draw.})
15... cxd5 16. Be3 $146 (16. Bf4 Bxf4 17. Qxf4 d4 $1 $11) 16... Qe5 17. g3 (17.
Qh5 $5 Bxd3 18. Qxe5 Bxe5 19. Nd2 b4 20. Nf3 Bf6 21. Rad1 Be4 $11) 17... Bxd3
18. Nd2 Rfe8 19. Kg2 {I thought that he was preparing 20.Bd4.} ({However this
is possible even without preparation:} 19. Bd4 $142 $5 Qf5 (19... Qxe1+ 20.
Rxe1 Rxe1+ 21. Kg2 Be4 22. Nxe4 dxe4 23. Qf5 Bf8 24. Qd7 $16) 20. Qxf5 Bxf5 $11
) 19... Be4 $6 {It only looks good over the board.} (19... Qe6 $142 $5 20. Bf4
Be2 $1 {I missed this one.} 21. Qe3 Qf5 22. Qd4 Bxf4 23. Qxf4 Qc2 $1 $36) (
19... Bf8 20. Bd4 Qf5 $14) 20. Nxe4 dxe4 21. Qe2 Bf8 (21... Bc5 $6 22. Rad1 $16
) 22. Rad1 $2 ({He should have a nasty edge in each one of those lines after} 
22. a4 $1 Qf5 (22... b4 23. c4) (22... bxa4 23. Rxa4 Qb5 24. Ra2 $14) 23. Red1
h5 24. h3 $14) 22... Qe6 23. a3 (23. b3 Rac8 24. Bd4 Rc7 $11) 23... Rad8 24.
Rxd8 Rxd8 25. Rd1 (25. Bd4 f5 $11) 25... Rxd1 $1 (25... Rd5 26. a4 $1) 26. Qxd1
$11 {This is a completely equal endgame and I had quite some time at the
beginning of it.} f6 $2 {Here something special happened. I was planning} ({
to play} 26... Qc6 {first and then f6 rather than f5.} 27. Qd8 f6 28. g4 (28.
Qb8 Kf7 29. Qa7+ Kg6 30. h4 h5 $11) (28. b4 Kf7 $11) 28... Kf7 $11) (26... Qd6
27. Qg4 Qc6 28. h4 $14) 27. a4 $1 $14 {By changing the move order for some
inexplicable reason I have given him the only chance in the position.} Qc4 $6 (
27... Qc6 28. a5 (28. Qb3+ Qc4 29. Qxc4+ bxc4 30. g4 Kf7 31. f3 exf3+ 32. Kxf3
Ke6 33. Ke4 Bd6 34. h3 Bc7 $11) 28... Bd6 29. Qg4 Bb8) 28. a5 b4 $4 {A very
bad mistake still with plenty of time on the clock.} (28... Qe6 29. Qd8 Kf7 30.
Qb6 Qc8 $14) 29. b3 $2 {He did not notice that} (29. cxb4 Bxb4 30. Qa4 $18 {
the pin is devastating.}) 29... Qb5 $2 $138 {Not only I have burned all my
time but produced the second big mistake in a row.} (29... Qd3 $1 30. Qxd3 exd3
31. c4 (31. Bd2 bxc3 32. Bxc3 Kf7 33. Kf3 Ke6 34. Ke4 f5+ 35. Kxd3 (35. Kd4 Kd6
) 35... Kd5 36. b4 g6 $44) 31... f5 32. Kf1 Kf7 33. Ke1 Ke6 34. Kd2 g6 35. Kxd3
Kd6 36. Bb6 Bg7 37. h3 h5 38. f3 Be5 39. g4 Bf6 $11 {gives no passage to
White's king.}) (29... Qc6 $2 30. cxb4 Bxb4 31. Qd8+ Kf7 32. Qb6 $18) (29...
Qxc3 $2 30. Qd5+ Kh8 31. Qa8 Kg8 32. Qxa6 Qxb3 33. Qb7 Qa3 34. a6 b3 35. a7 b2
36. Qd5+ Kh8 37. a8=Q $18) (29... Qe6 30. cxb4 Bxb4 31. Qd8+ Kf7 32. Qb6 Be7
33. b4 $18) 30. c4 Qxa5 31. c5 Qc7 32. Qd5+ Qf7 33. Qxe4 f5 $1 (33... Qxb3 $2
34. c6 Qf7 35. Bf4 f5 36. Qf3 b3 37. c7 b2 38. Qb7 Qa2 39. c8=Q b1=Q 40. Qxb1
Qxb1 41. Bd6 $18) 34. Qxb4 g5 $6 $138 {I had to first give a check.} (34...
Qd5+ $142 35. f3 g5 36. Qc3 g4 37. Bd4 Kf7 38. c6 Bd6 39. Bb6 Ke6 40. Kf2 (40.
c7 $2 Qxf3+ 41. Qxf3 gxf3+ 42. Kxf3 Kd7 43. Ke3 Be5 $11) 40... Qb5 41. Qc4+
Qxc4 42. bxc4 Be5 43. f4 Bc3 44. c5 a5 45. Ke3 a4 46. Kd3 Bb2 47. Ba5 Bf6 (
47... a3 $2 48. Bc3 Bc1 49. Kc4 $18) 48. Bc3 Be7 49. Kc4 a3 50. Kb5 Bd8 51. Ka6
Kd5 52. Kb7 Kxc5 53. c7 Bxc7 54. Kxc7 Kd5 55. Kd7 $18) 35. h3 $1 {He
rightfully went for the breathing space.} (35. Bd4 Qd5+ 36. Kg1 g4 37. Qc3 Be7
38. c6 Bd8 39. Be5 Qd1+ 40. Kg2 Qd5+ 41. Kf1 Qd1+ 42. Qe1 Qc2 43. Bc3 Kf7 44.
Qe5 Qd1+ 45. Kg2 Qf3+ 46. Kg1 Qd1+ 47. Be1 Bf6 48. Qa5 Ke6 49. c7 Kd7 50. Qxf5+
Kxc7 51. Qxh7+ Kd6 52. Qe4 Bc3 53. Kf1 Bxe1 54. Qxe1 Qxb3 55. Qd2+ Kc5 56. Qg5+
Kb6 57. Qxg4 a5 $11) 35... f4 $2 (35... Qd5+ 36. Kh2 f4 37. gxf4 gxf4 38. Qxf4
Bxc5 $14 {and he does not have checks which could make Bc5 fall.}) 36. gxf4 $1
{The ensuing bishop ending is winning for White.} (36. Bd4 $6 fxg3 37. f3 Qe6
38. Kxg3 Kf7 $16) 36... gxf4 37. Qxf4 Qxf4 38. Bxf4 Bxc5 39. Be3 Bb4 40. Kf3
Kf7 41. Ke4 Ke6 42. f4 Bc3 43. Bd4 Be1 44. Be5 h5 {Somewhere I could have
better pushed my a-pawn forward but still it should lead to a loss.} (44... a5
45. f5+ Kf7 46. Kd3 h5 47. Kc4 Bd2 48. Bd4 (48. Bc3 $4 Bxc3 49. Kxc3 Kf6 50.
Kc4 Kxf5 51. Kb5 Kf4 52. Kxa5 Kg3 53. b4 Kxh3 54. b5 h4 55. b6 Kg2 56. b7 h3
57. b8=Q h2 $11) 48... Be1 49. Kb5 Bd2 50. Bb6 Kf6 51. Bxa5 Bf4 52. b4 Kxf5 53.
Ka6 Ke4 54. b5 $18) 45. f5+ Kf7 46. Kd3 Ke7 (46... a5 47. Kc4 Bb4 48. Kb5 Bd2
49. Bc7 Kf6 50. Bxa5 Bf4 51. Kc6 Kxf5 52. Be1 Be3 53. b4 $18) 47. Kc4 Kd7 (
47... Bd2 48. Kc5 Be1 49. Kb6 a5 50. Kb5 Bb4 51. Bc7 Kf6 52. Bxa5 Bf8 53. b4
Kxf5 54. Kc6 $18) 48. Bc3 $1 {It is completely gone after this.} Bf2 49. Kd5
Bh4 (49... Ke7 50. Kc6 $18) 50. f6 Bg5 51. Ke5 Bh6 52. Bb4 1-0

[Event "Las Vegas National op"]
[Site "Las Vegas"]
[Date "2011.06.12"]
[Round "6"]
[White "Robson, Ray"]
[Black "Atalik, Suat"]
[Result "1/2-1/2"]
[WhiteElo "2545"]
[BlackElo "2616"]
[Annotator "Atalik,S"]
[PlyCount "65"]
[EventDate "2011.06.10"]
[EventType "swiss"]
[EventRounds "6"]
[EventCountry "USA"]
[SourceTitle "EXT 2013"]
[Source "ChessBase"]
[SourceDate "2012.11.22"]
[SourceVersion "1"]
[SourceVersionDate "2012.11.22"]
[SourceQuality "1"]

1. e4 e5 2. Nf3 Nc6 3. Bb5 a6 4. Ba4 Nf6 5. O-O Be7 6. Re1 b5 7. Bb3 O-O 8. c3
({After the anti-Marshall line Ivan's pawn sac is a good option.} 8. h3 Bb7 9.
d3 d5 10. exd5 Nxd5 11. Nxe5 (11. c3 Qd6 (11... Qd7 $5) 12. Nbd2 Rad8 13. Ne4
Qg6 $40) (11. Nbd2 f6 12. c3 Kh8) (11. Nc3 Nxc3 12. bxc3 Bf6) (11. a4 Nd4 $1
12. Nxd4 exd4 13. axb5 axb5 14. Rxa8 Bxa8 15. Na3 Bb4 16. Bd2 Bxd2 17. Qxd2 Qf6
18. Bxd5 Bxd5 19. Nxb5 Bxg2 $11) 11... Nd4 12. Nc3 (12. Nd2 c5 13. c3 Nxb3 14.
Nxb3 Qc7 $44) (12. Bd2 c5 13. Nc3 Nxb3 14. axb3 Nb4 15. Rc1 Qc7 $44) (12. Nf3
Nxb3 13. axb3 Nb4 14. Nbd2 Re8 $44) 12... Nb4 13. Ne4 (13. Be3 Nxb3 14. axb3 f6
15. Nf3 Bxf3 16. gxf3 Qd7 17. Kg2 f5 18. f4 Qc6+ 19. Kh2 Bf6 $44) 13... Nxb3
14. axb3 Qd5 15. Nf3 f5 16. Neg5 Bd6 17. Bd2 Rae8 $44) 8... d5 {Marshall circa
1918.} 9. exd5 Nxd5 10. Nxe5 Nxe5 11. Rxe5 c6 12. d4 Bd6 13. Re1 Qh4 14. g3 Qh3
15. Re4 $1 {This is the line I am always concerned about since Sax's revenge
on me.} (15. Be3 Bg4 16. Qd3 Rae8 17. Nd2 Qh5 $1 $132) 15... g5 $1 16. Qf1 Qh5
17. Nd2 (17. f3 $5 Bf5 18. Re1 (18. Nd2 {transposes to the game.}) 18... Rae8
19. Nd2 Nf6 $132) 17... Bf5 (17... Nf6 $5 18. f3 Nxe4 19. fxe4 Bh3 20. Qf6 Bf4
$1 $13 {is another idea.}) 18. f3 Qg6 $2 {After a long thought I have come
with this pseudo novelty.} (18... Nf6 19. Qg2 Qg6 20. Re3 $1 {is the proper
way to reach the game continuation.} (20. Re2 $2 Rfe8 21. Ne4 Nxe4 22. g4 Nxc3
$19)) (18... Rae8 $5 {Adams} 19. Rxe8 Rxe8 20. Ne4 Bxe4 21. fxe4 Rxe4 22. Bd1
g4 $14) 19. Qg2 $2 {He could have taken the advantage} ({the natural} 19. Re1
$1 Nf6 (19... Bd3 20. Qf2 f5 21. c4 bxc4 22. Nxc4 Bxc4 23. Bxc4 f4 24. g4 $16)
(19... Rae8 20. Ne4) 20. Ne4 Bxe4 21. fxe4 Nxe4 $16) 19... Nf6 20. Re3 Rae8 {
I am not happy with this move.} ({I have started to believe that the other
rook belongs to e8 to make Kf8 possible.} 20... Rfe8 $5 21. Ne4 Nxe4 22. g4 Ng3
23. hxg3 Bb1 {evokes some Kf8 possibilities.} (23... Bd3 24. Qd2 Rxe3 25. Qxe3
h6 26. Kg2 Kf8 27. Qf2 Re8 28. Be3 $16) 24. Qe2 Kf8) (20... Nd5 $5 {Grischuk}
21. Re1 Rae8 22. Ne4 g4 23. Bc2 h5 24. Bd2 Bc7 25. fxg4 hxg4 26. Re2 Re6 27.
Rae1 Rfe8 $11) (20... c5 $2 21. Ne4 cxd4 22. cxd4 $16) 21. Ne4 $1 Nxe4 22. g4
Ng3 $1 23. hxg3 (23. gxf5 $2 Nxf5 24. Rxe8 Rxe8 25. Bxg5 h6 $17) 23... Bb1 $1 {
The aim of development in chess is to hamper your opponent's development.} (
23... Bd3 $5 24. Qd2 $1 (24. Bd2 Rxe3 25. Bxe3 Re8 26. Re1 c5 27. Bf2 Rxe1+ 28.
Bxe1 c4 29. Bd1 $11) 24... Rxe3 25. Qxe3 Bxg3 26. Qxg5 Re8 27. Be3 Qxg5 28.
Bxg5 Kg7 29. Kg2 Bd6 $44) 24. Qe2 Rxe3 25. Qxe3 h6 26. Kg2 Rb8 $1 $146 {
With my rook X-raying the pawn on b2 I was happy about the consequences of my
previous play but things were not that simple.} 27. Qe1 (27. a4 b4 (27... Bc2
28. Bxc2 Qxc2+ 29. Qf2 Qd3 30. axb5 axb5 31. Qe3 Qc4 $44) 28. Bc4 a5 $44) 27...
Bd3 (27... Kf8 $2 28. Bxg5 Qxg5 29. Rxb1 Re8 30. Qf2 $18) (27... Bc2 $5 28. Be3
a5 $44) 28. Be3 a5 29. a3 $6 {There was no need for this.} (29. Qd2 a4 30. Bd1
Re8 31. b3 a3 32. Bf2 $16 {and White's advantage is clear.}) 29... Bc4 (29...
a4 30. Ba2 Re8 31. Qd2 Bc4 32. Bxc4 bxc4 33. Re1 {resembles the game
continuation.}) 30. Bxc4 bxc4 31. Qe2 a4 (31... Qd3 $2 32. Qxd3 cxd3 33. b4 Ra8
34. bxa5 Rxa5 35. a4 c5 36. dxc5 Bxc5 37. Kf2 $16) 32. Re1 (32. Qxc4 $2 Rxb2+
33. Bf2 Qc2 34. Rf1 Bxa3 35. Qxc6 Bf8 $19) 32... Qd3 33. Bf2 {When Ray has
offered a draw first I was first surprised because I have thought that Black
was doing more than fine alas that was not the case.} (33. Bc1 c5 (33... Qxe2+
34. Rxe2 Rd8 35. f4 f6 36. Re6 (36. Kf3 Kf7 37. Rh2 Bf8 $11) 36... Kf7 37. f5
Kg7 38. Kf3 Kf7 39. Ke4 Rd7 40. Be3 Rd8 $11) 34. dxc5 (34. Qxd3 $2 cxd3 35.
dxc5 Bxc5 36. Rd1 d2 $1 (36... Bxa3 $4 37. bxa3 Rb1 38. Rf1) 37. Rxd2 Be3 38.
Rc2 Bxc1 39. Rxc1 Rxb2+ 40. Kg1 $15) 34... Bxc5 35. Qe5 Bd6 36. Qf6 Qc2+ 37.
Kh3 Qf2 38. Qxd6 Qxe1 39. Qxb8+ Kh7 $11) (33. Bf2 Kg7 34. Be3 $11) 1/2-1/2